Loading...
| Science - Other | 0 | 3 | 0 | 0 | 30 | 88 | 99.33 | 0 | 2 | 5.49 | 16.36 |
| Religion | 0 | 2 | 0 | 1 | 20 | 104 | 104.50 | 0 | 1 | 0.42 | 5.45 |
| Science - Physics | 0 | 2 | 1 | 0 | 15 | 116 | 116.50 | 0 | 0 | 0.44 | 6.36 |
| History - World | 0 | 1 | 0 | 1 | 10 | 140 | 140.00 | 0 | 1 | 0.00 | 4.55 |
| Literature - British | 0 | 1 | 0 | 0 | 10 | 139 | 139.00 | 0 | 0 | 0.44 | 1.82 |
| History - American | 0 | 1 | 0 | 0 | 10 | 125 | 125.00 | 0 | 0 | 0.42 | 4.55 |
| History - Other | 0 | 1 | 0 | 0 | 10 | 103 | 103.00 | 0 | 0 | 1.54 | 6.36 |
| Science - Chemistry | 0 | 1 | 0 | 1 | 10 | 116 | 116.00 | 0 | 1 | 0.00 | 5.68 |
| History - European | 0 | 1 | 1 | 0 | 5 | 73 | 73.00 | 0 | 0 | 3.70 | 2.27 |
| Fine Arts - Other | 0 | 1 | 1 | 1 | 5 | 135 | 135.00 | 0 | 0 | 0.00 | 2.73 |
| Science - Biology | 0 | 0 | 0 | 0 | 0 | 0.00 | 0 | 0 | 0.00 | 0.00 | |
| Geography | 0 | 0 | 1 | 0 | -5 | 0.00 | 0 | 0 | 0.00 | 0.00 |